00430nas a2200121 a 45000010005000000030005000050050017000100080041000270400020000681100085000882450099001732600036002722777CDMR20131011171248.0130130d1925|||||||a||||||||||||||||||||d aCDMRbcatcCDMR2 aMontepio de Empleados y Corresponsables Administrativos de la Prensa de España10aMemoria --cMontepío de Empleados y Corresponsables Administrativos de la Prensa de España aMadridc1924-bPrensa Gráfica